| 000 | 00445cam a2200181 4500 | ||
|---|---|---|---|
| 001 | D9881 | ||
| 008 | 090401t1982 xxu||||| |||| 00| 0 eng d | ||
| 035 | _a(Sirsi) u23087 | ||
| 041 | _aeng | ||
| 050 | _a333.336 | ||
| 100 | _aWilliams, James F.D | ||
| 245 | 2 | _aA review of science parks and high technology developments | |
| 260 |
_aLondon _bDrivers Jonas _c1982 |
||
| 300 | _a17p. 30cm | ||
| 350 | _a0 | ||
| 942 | _n0 | ||
| 948 | _c04/03/1997 | ||
| 999 |
_c88317 _d88317 |
||